Prevalence of parasite and treatment in dogs at animal clinic of department of agriculture in phnom penh, កម្រិតរាលដាលនៃបរាសិត និងការព្យាបាលលើសត្វសុនខនៅគ្លីនិក(ផ្នែកពិនិត្យ និងព្យាបាលសត្វ)នៃមន្ទីកសិកម្មរាជធានីភ្នំពេញ (Record no. 7783)
[ view plain ]
| 000 -LEADER | |
|---|---|
| fixed length control field | 00781nam a22001457a 4500 |
| 003 - CONTROL NUMBER IDENTIFIER | |
| control field | OSt |
| 005 - DATE AND TIME OF LATEST TRANSACTION | |
| control field | 20160324091257.0 |
| 008 - FIXED-LENGTH DATA ELEMENTS--GENERAL INFORMATION | |
| fixed length control field | 160324b xxu||||| |||| 00| 0 eng d |
| 040 ## - CATALOGING SOURCE | |
| Transcribing agency | RUA |
| 082 ## - DEWEY DECIMAL CLASSIFICATION NUMBER | |
| Classification number | AVM OU 2011 B472 Or.1 |
| 100 ## - MAIN ENTRY--PERSONAL NAME | |
| 9 (RLIN) | 8173 |
| Personal name | OU TEKEING; អ៊ូ តេកអៀង |
| 245 ## - TITLE STATEMENT | |
| Title | Prevalence of parasite and treatment in dogs at animal clinic of department of agriculture in phnom penh, កម្រិតរាលដាលនៃបរាសិត និងការព្យាបាលលើសត្វសុនខនៅគ្លីនិក(ផ្នែកពិនិត្យ និងព្យាបាលសត្វ)នៃមន្ទីកសិកម្មរាជធានីភ្នំពេញ |
| 300 ## - PHYSICAL DESCRIPTION | |
| Extent | viii,36p. |
| Other physical details | ill. |
| Dimensions | 29cm. |
| 942 ## - ADDED ENTRY ELEMENTS (KOHA) | |
| Source of classification or shelving scheme | |
| Koha item type | AVM |
| Price effective from | Date last seen | Permanent Location | Not for loan | Date acquired | Source of classification or shelving scheme | Koha item type | Lost status | Withdrawn status | Date last checked out | Total Checkouts | Shelving location | Damaged status | Barcode | Current Location | Full call number |
|---|---|---|---|---|---|---|---|---|---|---|---|---|---|---|---|
| 2016-03-24 | 2022-02-07 | Library Block B | 2016-03-24 | AVM | 2022-01-28 | 2 | B472 | RUA057341 | Library Block B | AVM OU 2011 B472 Or.1 | |||||
| 2017-10-06 | 2017-10-06 | Library Block B | 2017-10-06 | AVM | Library Block B | AVM OU 2011 B472 Or.1 |